00718 2200265 4500001002100000005001500021035002000036007000300056008004100059020001800100082001000118084002000128084002000148084002000168100002000188245005700208250002000265260003400285300005600319650002200375504001600397990001300413990001300426990001300439INLIS00000000000958820230707051142 a0010-0723000118ta230707 0 ind  a9786021562185 a371.9 a371.9 LAG s C.1 a371.9 LAG s C.2 a371.9 LAG s C.30 aLagita Manastas1 aStrategi Mengajar Siswa Tunanetra /cLagita Manastas aCetakan ke tiga aYogyakarta :bImperium,c2020 a126 hlm. :bill gambar tanpa warna ;c12 x 20.5 cm. 4aPendidikan Khusus ahlm 119-124 a023.3766 a023.3764 a023.3765